<?xml version="1.0" encoding="UTF-8"?>
<record
    xmlns:xsi="http://www.w3.org/2001/XMLSchema-instance"
    xsi:schemaLocation="http://www.loc.gov/MARC21/slim http://www.loc.gov/standards/marcxml/schema/MARC21slim.xsd"
    xmlns="http://www.loc.gov/MARC21/slim">

  <leader>00543nam a22002057a 4500</leader>
  <controlfield tag="005">20260206162526.0</controlfield>
  <controlfield tag="008">260206b        |||||||| |||| 00| 0 eng d</controlfield>
  <datafield tag="020" ind1=" " ind2=" ">
    <subfield code="a">9788119680382</subfield>
    <subfield code="c">1595.00</subfield>
  </datafield>
  <datafield tag="040" ind1=" " ind2=" ">
    <subfield code="a">MAIN</subfield>
  </datafield>
  <datafield tag="041" ind1=" " ind2=" ">
    <subfield code="a">English</subfield>
  </datafield>
  <datafield tag="082" ind1=" " ind2=" ">
    <subfield code="a">338.52</subfield>
    <subfield code="b">BHA</subfield>
  </datafield>
  <datafield tag="100" ind1=" " ind2=" ">
    <subfield code="a">Bhatt, Vipul </subfield>
    <subfield code="9">26175</subfield>
  </datafield>
  <datafield tag="245" ind1=" " ind2=" ">
    <subfield code="a">Uttarakhand At 25 Reflecting a Journey of Development </subfield>
  </datafield>
  <datafield tag="260" ind1=" " ind2=" ">
    <subfield code="a">Delhi</subfield>
    <subfield code="b">Academic </subfield>
    <subfield code="c">2024</subfield>
  </datafield>
  <datafield tag="300" ind1=" " ind2=" ">
    <subfield code="a">209</subfield>
  </datafield>
  <datafield tag="650" ind1=" " ind2=" ">
    <subfield code="a">Economics </subfield>
    <subfield code="9">79</subfield>
  </datafield>
  <datafield tag="700" ind1=" " ind2=" ">
    <subfield code="a">Pundir, Vibha</subfield>
    <subfield code="9">17292</subfield>
  </datafield>
  <datafield tag="700" ind1=" " ind2=" ">
    <subfield code="a">Pandey, Navanshu</subfield>
    <subfield code="9">26227</subfield>
  </datafield>
  <datafield tag="942" ind1=" " ind2=" ">
    <subfield code="c">BK</subfield>
  </datafield>
  <datafield tag="999" ind1=" " ind2=" ">
    <subfield code="c">60274</subfield>
    <subfield code="d">60274</subfield>
  </datafield>
  <datafield tag="952" ind1=" " ind2=" ">
    <subfield code="0">0</subfield>
    <subfield code="1">0</subfield>
    <subfield code="2">ddc</subfield>
    <subfield code="4">0</subfield>
    <subfield code="6">338_520000000000000_BHA</subfield>
    <subfield code="7">1</subfield>
    <subfield code="9">91964</subfield>
    <subfield code="a">MAIN</subfield>
    <subfield code="b">MAIN</subfield>
    <subfield code="d">2026-02-06</subfield>
    <subfield code="o">338.52 BHA</subfield>
    <subfield code="p">52409</subfield>
    <subfield code="r">2026-02-06</subfield>
    <subfield code="w">2026-02-06</subfield>
    <subfield code="y">REF</subfield>
  </datafield>
  <datafield tag="952" ind1=" " ind2=" ">
    <subfield code="0">0</subfield>
    <subfield code="1">0</subfield>
    <subfield code="2">ddc</subfield>
    <subfield code="4">0</subfield>
    <subfield code="6">338_520000000000000_BHA</subfield>
    <subfield code="7">0</subfield>
    <subfield code="9">91965</subfield>
    <subfield code="a">MAIN</subfield>
    <subfield code="b">MAIN</subfield>
    <subfield code="d">2026-02-06</subfield>
    <subfield code="l">0</subfield>
    <subfield code="o">338.52 BHA</subfield>
    <subfield code="p">52410</subfield>
    <subfield code="r">2026-02-06</subfield>
    <subfield code="w">2026-02-06</subfield>
    <subfield code="y">BK</subfield>
  </datafield>
  <datafield tag="952" ind1=" " ind2=" ">
    <subfield code="0">0</subfield>
    <subfield code="1">0</subfield>
    <subfield code="2">ddc</subfield>
    <subfield code="4">0</subfield>
    <subfield code="6">338_520000000000000_BHA</subfield>
    <subfield code="7">0</subfield>
    <subfield code="9">91966</subfield>
    <subfield code="a">MAIN</subfield>
    <subfield code="b">MAIN</subfield>
    <subfield code="d">2026-02-06</subfield>
    <subfield code="l">0</subfield>
    <subfield code="o">338.52 BHA</subfield>
    <subfield code="p">52411</subfield>
    <subfield code="r">2026-02-06</subfield>
    <subfield code="w">2026-02-06</subfield>
    <subfield code="y">BK</subfield>
  </datafield>
  <datafield tag="952" ind1=" " ind2=" ">
    <subfield code="0">0</subfield>
    <subfield code="1">0</subfield>
    <subfield code="2">ddc</subfield>
    <subfield code="4">0</subfield>
    <subfield code="6">338_520000000000000_BHA</subfield>
    <subfield code="7">0</subfield>
    <subfield code="9">91967</subfield>
    <subfield code="a">MAIN</subfield>
    <subfield code="b">MAIN</subfield>
    <subfield code="d">2026-02-06</subfield>
    <subfield code="l">0</subfield>
    <subfield code="o">338.52 BHA</subfield>
    <subfield code="p">52412</subfield>
    <subfield code="r">2026-02-06</subfield>
    <subfield code="w">2026-02-06</subfield>
    <subfield code="y">BK</subfield>
  </datafield>
  <datafield tag="952" ind1=" " ind2=" ">
    <subfield code="0">0</subfield>
    <subfield code="1">0</subfield>
    <subfield code="2">ddc</subfield>
    <subfield code="4">0</subfield>
    <subfield code="6">338_520000000000000_BHA</subfield>
    <subfield code="7">0</subfield>
    <subfield code="9">91968</subfield>
    <subfield code="a">MAIN</subfield>
    <subfield code="b">MAIN</subfield>
    <subfield code="d">2026-02-06</subfield>
    <subfield code="l">0</subfield>
    <subfield code="o">338.52 BHA</subfield>
    <subfield code="p">52413</subfield>
    <subfield code="r">2026-02-06</subfield>
    <subfield code="w">2026-02-06</subfield>
    <subfield code="y">BK</subfield>
  </datafield>
</record>
